Biggest "Port" Cities - Statistics

General Stats
  • This quiz has been taken 82 times
  • The average score is 8 of 15
Answer Stats
Country Population Answer % Correct
Haiti 1,8 M Port-au-Prince
99%
Portugal 237,584 Porto
91%
Papua New Guinea 364,125 Port Moresby
83%
South Africa 312,302 Port Elizabeth
79%
Brazil 1,5 M Porto Alegre
76%
United Kingdom 205,400 Portsmouth
68%
Benin 267,197 Porto Novo
66%
Egypt 603,787 Port Said
64%
United States 583,776 Portland
58%
Nigeria 1,3 M Port Harcourt
57%
Sudan 489,725 Port Sudan
57%
Mexico 255,725 Puerto Vallarta
22%
Chile 218,858 Puerto Montt
12%
Dominican Republic 286,558 Puerto Plata
8%
Haiti 250,000 Port-de-Paix
4%
No matching quizzes found
Score Distribution
Percent of People with Each Score
Percentile by Number Answered
Your Score History
You have not taken this quiz